Elektrická zařízení pro výbušná prostředí /

Salvato in:
Dettagli Bibliografici
Autori principali: Bálek, Miloň (Autore), Kuchta, Zdeněk (Autore), Lazar, Mojmír (Autore)
Natura: Libro
Lingua:ceco
Pubblicazione: Praha : SNTL, 1985
Tags: Aggiungi Tag
Nessun Tag, puoi essere il primo ad aggiungerne!!

MARC

LEADER 00000nam a22000003a 4500
001 stu9488
005 20150617225805.2
008 970417s1985----cs------------------cze-d
040 |a STU  |b slo 
041 0 |a cze 
044 |a cs 
080 |a 614.83 
080 |a 621.31 
100 1 |a Bálek, Miloň  |4 aut 
245 1 |a Elektrická zařízení pro výbušná prostředí /  |c [aut.] Bálek,Miloň; Kuchta,Zdeněk; Lazar,Mojmír 
260 |a Praha :  |b SNTL,  |c 1985 
300 |a 280 s 
700 1 |a Kuchta, Zdeněk  |4 aut 
700 1 |a Lazar, Mojmír  |4 aut 
996 |b 284EK03772  |c E*56954  |l EE01  |s A  |a 24  |w stu9488_0001